Basic Engineering Drawing. (Record no. 3154)

MARC details
005 - DATE AND TIME OF LATEST TRANSACTION
control field 20250621085943.0
020 ## - INTERNATIONAL STANDARD BOOK NUMBER
International Standard Book Number 0-582-06594-1
082 ## - DEWEY DECIMAL CLASSIFICATION NUMBER
Classification number TEA LM 604.2 RHO
100 ## - MAIN ENTRY--PERSONAL NAME
Author name RHODES, R. S.
245 ## - TITLE STATEMENT
Title Basic Engineering Drawing.
260 ## - PUBLICATION, DISTRIBUTION, ETC.
Place of publication, distribution, etc. New York,
Name of publisher, distributor, etc. Longman,
Date of publication, distribution, etc. 1990.
300 ## - PHYSICAL DESCRIPTION
Extent 182p.: ill.; figure,table
Dimensions 29cm
700 ## - ADDED ENTRY--PERSONAL NAME
Other authors/Editors COOK, R. S.
856 ## - ELECTRONIC LOCATION AND ACCESS
Link text Access Online Book
Electronic name Engineering Drawing
Path htt://www.pearsoned.co.uk
942 ## - ADDED ENTRY ELEMENTS (KOHA)
Source of classification or shelving scheme Dewey Decimal Classification
Koha item type Books
Holdings
Date last seen Total checkouts Full call number Barcode Cost, replacement price Price effective from Koha item type Lost status Source of classification or shelving scheme Damaged status Not for loan Withdrawn status Home library Current library Shelving location Date acquired Cost, normal purchase price
06/04/2025   TEA LM 604.2 RHO 00000011064 224352.00 06/04/2025 Books   Dewey Decimal Classification       College of Business Education Main Library College of Business Education Main Library General Collection 04/22/2005 74784.00
06/04/2025   TEA LM 604.2 RHO 00000011065 224352.00 06/04/2025 Books   Dewey Decimal Classification       College of Business Education Main Library College of Business Education Main Library General Collection 04/22/2005 74784.00
06/04/2025   TEA LM 604.2 RHO 00000011066 224352.00 06/04/2025 Books   Dewey Decimal Classification       College of Business Education Main Library College of Business Education Main Library General Collection 04/22/2005 74784.00
06/04/2025   TEA LM 604.2 RHO 00000011067 224352.00 06/04/2025 Books   Dewey Decimal Classification       College of Business Education Main Library College of Business Education Main Library General Collection 04/22/2005 74784.00